[Event "Liga Insular Gran Canaria 1a"]
[Site "Las Palmas"]
[Date "2019.05.18"]
[Round "7.2"]
[White "Almeida Sanchez, Ciriaco"]
[Black "Sanchez Ramirez, Gustavo"]
[Result "1-0"]
[WhiteElo "1902"]
[BlackElo "1589"]
[PlyCount "85"]
[EventDate "2019.03.02"]
[EventType "team-tourn"]
[EventRounds "7"]
[EventCountry "ESP"]
[SourceTitle "EXT 2021"]
[Source "ChessBase"]
[SourceDate "2020.10.23"]
[SourceVersion "1"]
[SourceVersionDate "2020.10.23"]
[SourceQuality "1"]
[WhiteTeam "Grandama II"]
[BlackTeam "Hotel Avda de Canarias III"]
[WhiteTeamCountry "ESP"]
[BlackTeamCountry "ESP"]

1. e4 d5 2. e5 Bf5 3. d4 e6 4. Nf3 c5 5. c3 cxd4 6. cxd4 Bb4+ 7. Nc3 Nc6 8. a3 Bxc3+ 9. bxc3 Nge7 10. Nh4 0-0 11. Nxf5 Nxf5 12. Bd3 Nfe7 13. 0-0 Rc8 14. Bd2 Na5 15. Rb1 b6 16. Kh1 Nc4 17. Bc1 Nc6 18. f4 N6a5 19. Rf3 f5 20. Rh3 Qe7 21. Ra1 g6 22. Be2 Rc6 23. g4 fxg4 24. Bxg4 Rf7 25. Ra2 Qf8 26. Rf3 h5 27. Bh3 g5 28. Rg2 g4 29. Bxg4 hxg4 30. Rxg4+ Rg7 31. Rxg7+ Kxg7 32. Rg3+ Kf7 33. Qh5+ Ke7 34. Qh7+ Kd8 35. Rg8 Qxg8 36. Qxg8+ Kc7 37. h4 Nb3 38. h5 Nxc1 39. h6 Ne3 40. h7 Rxc3 41. h8Q Ne2 42. Qhg7+ Kc6 43. Qe8# 1-0

[Event "Lorca op 7th"]
[Site "Lorca"]
[Date "2018.12.26"]
[Round "1"]
[White "Domingo Nunez, Ruben"]
[Black "Almeida Sanchez, Ciriaco"]
[Result "1-0"]
[WhiteElo "2383"]
[BlackElo "1912"]
[PlyCount "69"]
[EventDate "2018.12.26"]
[EventType "swiss"]
[EventRounds "9"]
[EventCountry "ESP"]
[SourceTitle "CBM 188 Extra"]
[Source "ChessBase"]
[SourceDate "2019.02.26"]
[SourceVersion "1"]
[SourceVersionDate "2019.02.26"]
[SourceQuality "1"]

1. e4 d5 2. exd5 Qxd5 3. Nc3 Qa5 4. Bc4 Nf6 5. d3 e6 6. Nge2 Nbd7 7. 0-0 Be7 8. Bd2 c6 9. Nd5 Qd8 10. Nxe7 Qxe7 11. Ng3 0-0 12. Re1 Qd6 13. a4 Nb6 14. Qe2 Re8 15. Bc3 Nbd7 16. Qe3 Rf8 17. Qg5 h6 18. Qh4 Nd5 19. Bxd5 cxd5 20. Bb4 Qc6 21. Bxf8 Nxf8 22. c4 Ng6 23. Qd4 Bd7 24. Nh5 e5 25. Qxd5 Qc7 26. Qf3 Bc6 27. Qe3 Rd8 28. b4 Rd4 29. Ng3 Qd7 30. b5 Bxg2 31. Kxg2 Nf4+ 32. Kh1 Qh3 33. Rg1 Rxd3 34. Qxe5 Rf3 35. Qe8+ 1-0

[Event "Canarias-chT"]
[Site "Vecindario"]
[Date "2018.06.02"]
[Round "4.2"]
[White "Almeida Sanchez, Ciriaco"]
[Black "Amador Garcia, Ismael"]
[Result "1-0"]
[WhiteElo "1898"]
[BlackElo "2009"]
[PlyCount "42"]
[EventDate "2018.05.31"]
[EventType "team-swiss"]
[EventRounds "6"]
[EventCountry "ESP"]
[SourceTitle "EXT 2019"]
[Source "ChessBase"]
[SourceDate "2018.10.10"]
[SourceVersion "1"]
[SourceVersionDate "2018.10.10"]
[SourceQuality "1"]
[WhiteTeam "Grandama Santa Lucia II"]
[BlackTeam "La Caja de Canarias"]
[WhiteTeamCountry "ESP"]
[BlackTeamCountry "ESP"]

1. e4 c5 2. c3 d5 3. exd5 Nf6 4. d4 Nxd5 5. Nf3 Bg4 6. Be2 e6 7. dxc5 Bxc5 8. Qa4+ Nd7 9. Qxg4 Qb6 10. 0-0 0-0-0 11. Nbd2 f5 12. Qa4 N7f6 13. Nc4 Qc7 14. Be3 Ng4 15. Bxc5 Qxc5 16. Qa3 Qc7 17. Qxa7 Kd7 18. Qd4 Ke8 19. Rad1 h5 20. Nce5 Rh6 21. Bb5+ Kf8 1-0

[Event "Las Palmas Insular-chT Honor 1718"]
[Site "Las Palmas"]
[Date "2018.03.10"]
[Round "9.3"]
[White "Sosa Suarez, Carla Cristina"]
[Black "Almeida Sanchez, Ciriaco"]
[Result "1-0"]
[WhiteElo "1992"]
[BlackElo "1905"]
[PlyCount "113"]
[EventDate "2017.10.28"]
[EventType "team-tourn"]
[EventRounds "9"]
[EventCountry "ESP"]
[SourceTitle "EXT 2021"]
[Source "ChessBase"]
[SourceDate "2020.10.23"]
[SourceVersion "1"]
[SourceVersionDate "2020.10.23"]
[SourceQuality "1"]
[WhiteTeam "Sociedad La Montana"]
[BlackTeam "Grandama"]
[WhiteTeamCountry "ESP"]
[BlackTeamCountry "ESP"]

1. e4 e5 2. Nf3 Nc6 3. Bc4 Nd4 4. c3 Nxf3+ 5. Qxf3 Nf6 6. d4 d6 7. h3 Be7 8. Be3 0-0 9. Nd2 c6 10. dxe5 dxe5 11. a4 Bd7 12. Bb3 Qc7 13. 0-0 Rfd8 14. Rfd1 Be8 15. Bc2 Bd7 16. Bb3 Be8 17. g4 Nd7 18. Bc2 Nc5 19. Nc4 Ne6 20. a5 Bc5 21. Bxc5 Nxc5 22. Qg3 f6 23. g5 Bf7 24. Ne3 fxg5 25. Qxg5 Ne6 26. Qh4 Nf4 27. Kh2 Re8 28. Rg1 Re6 29. Nf5 Ng6 30. Qg5 Rf6 31. Rg4 Be6 32. Rag1 Rf7 33. h4 Bxf5 34. exf5 Nf4 35. f6 g6 36. h5 Kh8 37. hxg6 hxg6 38. Bxg6 Nxg6 39. Qxg6 Rh7+ 40. Kg2 c5 41. Kf1 Qf7 42. Qxf7 Rxf7 43. Rh4+ Rh7 44. Rxh7+ Kxh7 45. Rg7+ Kh6 46. Rxb7 Kg6 47. f7 a6 48. Ke2 Kg7 49. Ke3 Rd8 50. Ke4 Rd2 51. Kxe5 Rxf2 52. Kd5 Rf5+ 53. Kc4 Rg5 54. Rb6 Kxf7 55. Rxa6 Ke7 56. Rc6 Rg2 57. b3 1-0

[Event "Las Palmas Insular-chT Segunda 1718"]
[Site "Las Palmas"]
[Date "2018.01.20"]
[Round "6.2"]
[White "Trana, Arne Oddvar"]
[Black "Almeida Sanchez, Ciriaco"]
[Result "1/2-1/2"]
[WhiteElo "1783"]
[BlackElo "1932"]
[PlyCount "67"]
[EventDate "2017.10.28"]
[EventType "team-swiss"]
[EventRounds "9"]
[EventCountry "ESP"]
[SourceTitle "EXT 2019"]
[Source "ChessBase"]
[SourceDate "2018.10.10"]
[SourceVersion "1"]
[SourceVersionDate "2018.10.10"]
[SourceQuality "1"]
[WhiteTeam "Mogan II"]
[BlackTeam "Grandama III"]
[WhiteTeamCountry "ESP"]
[BlackTeamCountry "ESP"]

1. d4 d5 2. c4 e5 3. dxe5 d4 4. Nf3 Nc6 5. a3 a5 6. g3 Nge7 7. e3 Bg4 8. Be2 d3 9. Bf1 Nxe5 10. Bg2 N7c6 11. h3 Bxf3 12. Bxf3 Nxf3+ 13. Qxf3 Qd7 14. Nd2 Bd6 15. b3 Rb8 16. Rb1 0-0 17. Ne4 Be5 18. Bd2 Qe7 19. Bc1 Rbd8 20. 0-0 f5 21. Nd2 Bc3 22. Qd1 Ne5 23. f4 Nf7 24. Qf3 c6 25. e4 Bxd2 26. Bxd2 fxe4 27. Qe3 Rfe8 28. Bxa5 Rd7 29. Bb4 Qe6 30. g4 b6 31. Rbd1 c5 32. Bc3 Nd8 33. f5 Qf7 34. Rf4 1/2-1/2

[Event "Las Palmas Insular-chT Primera-B 1617"]
[Site "Las Palmas"]
[Date "2017.01.21"]
[Round "9.1"]
[White "Almeida Sanchez, Ciriaco"]
[Black "Sanchez Quintero, Raul"]
[Result "1/2-1/2"]
[WhiteElo "1933"]
[BlackElo "2004"]
[PlyCount "46"]
[EventDate "2016.10.22"]
[EventType "team-tourn"]
[EventRounds "14"]
[EventCountry "ESP"]
[SourceTitle "EXT 2018"]
[Source "ChessBase"]
[SourceDate "2017.10.13"]
[SourceVersion "1"]
[SourceVersionDate "2017.10.13"]
[SourceQuality "1"]
[WhiteTeam "Grandama II"]
[BlackTeam "Sociedad La Montana"]
[WhiteTeamCountry "ESP"]
[BlackTeamCountry "ESP"]

1. e4 e6 2. d4 c5 3. c3 d6 4. Nf3 Be7 5. Bd3 Nf6 6. 0-0 0-0 7. Qe2 Re8 8. Rd1 cxd4 9. cxd4 Nc6 10. a3 Qa5 11. Nc3 Qh5 12. e5 dxe5 13. dxe5 Nd7 14. Bf4 g5 15. Nxg5 Qxe2 16. Bxe2 Ndxe5 17. Nb5 Rf8 18. Nf3 Bf6 19. Nxe5 Bxe5 20. Bxe5 Nxe5 21. Rac1 Bd7 22. f4 Bxb5 23. Bxb5 Ng6 1/2-1/2

[Event "Las Palmas Insular-chT Primera-B 1617"]
[Site "Las Palmas"]
[Date "2016.10.29"]
[Round "2.2"]
[White "Almeida Sanchez, Ciriaco"]
[Black "Alonso Valiente, Alexis"]
[Result "1/2-1/2"]
[WhiteElo "1933"]
[BlackElo "1952"]
[PlyCount "119"]
[EventDate "2016.10.22"]
[EventType "team-tourn"]
[EventRounds "14"]
[EventCountry "ESP"]
[SourceTitle "EXT 2018"]
[Source "ChessBase"]
[SourceDate "2017.10.13"]
[SourceVersion "1"]
[SourceVersionDate "2017.10.13"]
[SourceQuality "1"]
[WhiteTeam "Grandama II"]
[BlackTeam "Sociedad La Montana"]
[WhiteTeamCountry "ESP"]
[BlackTeamCountry "ESP"]

1. e4 c5 2. c3 d5 3. exd5 Qxd5 4. d4 Nf6 5. Nf3 Nc6 6. Be2 e6 7. 0-0 Be7 8. Be3 cxd4 9. Nxd4 Nxd4 10. cxd4 0-0 11. Nc3 Qa5 12. Rc1 Rd8 13. Qa4 Qxa4 14. Nxa4 Nd5 15. Bd2 Bd7 16. Nc3 Bc6 17. Nxd5 Bxd5 18. a3 Rac8 19. Rxc8 Rxc8 20. Rc1 Rxc1+ 21. Bxc1 Bf6 22. Be3 Kf8 23. Kf1 Ke7 24. f3 a6 25. g3 b5 26. Ke1 Kd6 27. Bf4+ e5 28. dxe5+ Bxe5 29. Bc1 Bb3 30. Bd3 h5 31. Ke2 Kc5 32. Ke3 h4 33. gxh4 Bxh2 34. Bd2 g6 35. Bb4+ Kb6 36. Bc3 Kc5 37. Bd4+ Kd6 38. Bc3 Ke6 39. f4 Bg3 40. f5+ gxf5 41. h5 f4+ 42. Ke2 f3+ 43. Kxf3 Be5 44. Bxe5 Kxe5 45. h6 Bd1+ 46. Ke3 Kf6 47. Kf4 Bh5 48. Be4 Be2 49. b4 Bd1 50. Bb7 Kg6 51. Bxa6 Ba4 52. Ke5 f6+ 53. Kf4 Kxh6 54. Bb7 Kg6 55. Bd5 Kg7 56. Bc6 Kf7 57. Be4 Ke6 58. Bd3 Kd6 59. Kf5 Ke7 60. Kf4 1/2-1/2

[Event "Las Palmas Insular-chT Pref-B"]
[Site "Las Palmas"]
[Date "2015.12.12"]
[Round "6.1"]
[White "Arana Herrera, Antonio"]
[Black "Almeida Sanchez, Ciriaco"]
[Result "1/2-1/2"]
[WhiteElo "1869"]
[BlackElo "1935"]
[PlyCount "32"]
[EventDate "2015.10.17"]
[EventType "team-tourn"]
[EventRounds "14"]
[EventCountry "ESP"]
[SourceTitle "CBM 170 Extra"]
[Source "ChessBase"]
[SourceDate "2016.02.25"]
[SourceVersion "1"]
[SourceVersionDate "2016.02.25"]
[SourceQuality "1"]
[WhiteTeam "Telde Los Llanos"]
[BlackTeam "Video Vigilancias Canarias"]
[WhiteTeamCountry "ESP"]
[BlackTeamCountry "ESP"]

1. e4 e5 2. Nf3 Nc6 3. Bc4 Nf6 4. d3 d5 5. exd5 Nxd5 6. 0-0 Bc5 7. c3 0-0 8. b4 Bb6 9. b5 Nce7 10. Nxe5 f6 11. Nf3 Kh8 12. Ba3 Re8 13. Qb3 Nf4 14. d4 Qd7 15. Re1 Qg4 16. Bf1 Nh3+ 1/2-1/2

[Event "Las Palmas Insular-chT Pref-B"]
[Site "Las Palmas"]
[Date "2015.11.07"]
[Round "2.1"]
[White "Almeida Sanchez, Ciriaco"]
[Black "Alhambra Zarco, Raul"]
[Result "1-0"]
[WhiteElo "1935"]
[BlackElo "1589"]
[PlyCount "107"]
[EventDate "2015.10.17"]
[EventType "team-tourn"]
[EventRounds "14"]
[EventCountry "ESP"]
[SourceTitle "CBM 170 Extra"]
[Source "ChessBase"]
[SourceDate "2016.02.25"]
[SourceVersion "1"]
[SourceVersionDate "2016.02.25"]
[SourceQuality "1"]
[WhiteTeam "Video Vigilancias Canarias"]
[BlackTeam "Panaderia Pulido San Mateo"]
[WhiteTeamCountry "ESP"]
[BlackTeamCountry "ESP"]

1. e4 e5 2. Nf3 Nc6 3. Bc4 Nf6 4. d3 Be7 5. 0-0 0-0 6. c3 d6 7. Nbd2 Bg4 8. Re1 Re8 9. Nf1 Bf8 10. Ng3 g6 11. h3 Be6 12. Bb3 d5 13. Bg5 Bg7 14. Ba4 Qd6 15. d4 Bd7 16. Bxc6 Bxc6 17. dxe5 Rxe5 18. Nxe5 Qxe5 19. Bxf6 Bxf6 20. exd5 Qxd5 21. Qxd5 Bxd5 22. a3 Bb3 23. Ne4 Bg7 24. Nc5 Bd5 25. Rad1 Bc6 26. Re3 Bf8 27. Nd7 Bd6 28. Ne5 Ba4 29. Rde1 Rd8 30. Nf3 Bf8 31. Re4 Bc6 32. Rd4 Rc8 33. Ne5 Re8 34. Nf3 Rc8 35. Red1 Bd6 36. Re1 Bf8 37. Rd2 Bh6 38. Rde2 Bf8 39. Nd4 Bd5 40. Re8 Rxe8 41. Rxe8 Kg7 42. Rd8 Ba2 43. f4 Bc5 44. Rd7 Bb6 45. Kf1 h5 46. Ke2 Bc4+ 47. Ke3 Bf1 48. Kf3 Bc4 49. b3 Bf1 50. Ne2 Kf6 51. Rd1 Bxe2+ 52. Kxe2 Kf5 53. Kf3 Bc5 54. Rd5+ 1-0

[Event "Las Palmas Insular-chT Pref-A"]
[Site "Las Palmas"]
[Date "2015.04.11"]
[Round "13.2"]
[White "Alonso Valiente, Alexis"]
[Black "Almeida Sanchez, Ciriaco"]
[Result "1-0"]
[WhiteElo "2022"]
[BlackElo "1935"]
[PlyCount "57"]
[EventDate "2014.11.22"]
[EventType "team-tourn"]
[EventRounds "14"]
[EventCountry "ESP"]
[SourceTitle "EXT 2016"]
[Source "ChessBase"]
[SourceDate "2015.10.08"]
[SourceVersion "1"]
[SourceVersionDate "2015.10.08"]
[SourceQuality "1"]
[WhiteTeam "La Montana"]
[BlackTeam "Grandama Santa Lucia"]
[WhiteTeamCountry "ESP"]
[BlackTeamCountry "ESP"]

1. d4 c5 2. e4 cxd4 3. Nf3 Nc6 4. Nxd4 Nf6 5. Nc3 a6 6. a4 e5 7. Nf3 Bb4 8. Bg5 Qa5 9. Bd2 0-0 10. Bc4 d6 11. h3 Be6 12. Bd3 Rad8 13. 0-0 Nd4 14. Nxd4 exd4 15. Nb1 d5 16. e5 Ne4 17. c3 dxc3 18. bxc3 Bc5 19. Qe2 Nxd2 20. Nxd2 d4 21. c4 Bb4 22. Nf3 Qc5 23. Ng5 g6 24. f4 Qc8 25. f5 Bd7 26. e6 fxe6 27. fxg6 h6 28. Qh5 Kg7 29. Nf7 1-0

[Event "Las Palmas Insular-chT Primera-B"]
[Site "Las Palmas"]
[Date "2014.03.29"]
[Round "13.1"]
[White "Almeida Sanchez, Ciriaco"]
[Black "Ortega Hernandez, Carmelo"]
[Result "1/2-1/2"]
[WhiteElo "1926"]
[BlackElo "1815"]
[PlyCount "22"]
[EventDate "2013.11.09"]
[EventType "team-tourn"]
[EventRounds "14"]
[EventCountry "ESP"]
[SourceTitle "EXT 2015"]
[Source "ChessBase"]
[SourceDate "2014.11.20"]
[SourceVersion "1"]
[SourceVersionDate "2014.11.20"]
[SourceQuality "1"]
[WhiteTeam "Grandama Avenida de Canarias"]
[BlackTeam "Panaderia Pulido San Mateo "]
[WhiteTeamCountry "ESP"]
[BlackTeamCountry "ESP"]

1. e4 d5 2. e5 Bf5 3. c3 c5 4. d4 e6 5. f4 Nh6 6. Nf3 Nc6 7. Be2 Qb6 8. h3 cxd4 9. cxd4 Bxb1 10. Rxb1 Nf5 11. 0-0 Nfxd4 1/2-1/2

[Event "Las Palmas Insular-chT Primera-A"]
[Site "Las Palmas"]
[Date "2014.03.15"]
[Round "11.3"]
[White "Rojas Mirabal, Pedro"]
[Black "Almeida Sanchez, Ciriaco"]
[Result "1-0"]
[WhiteElo "2077"]
[BlackElo "1926"]
[PlyCount "55"]
[EventDate "2013.11.09"]
[EventType "team-tourn"]
[EventRounds "14"]
[EventCountry "ESP"]
[SourceTitle "EXT 2015"]
[Source "ChessBase"]
[SourceDate "2014.11.20"]
[SourceVersion "1"]
[SourceVersionDate "2014.11.20"]
[SourceQuality "1"]
[WhiteTeam "San Andres"]
[BlackTeam "Tirajana"]
[WhiteTeamCountry "ESP"]
[BlackTeamCountry "ESP"]

1. e4 d5 2. exd5 Qxd5 3. d4 Nf6 4. Nc3 Qa5 5. Bd2 Qb6 6. Nf3 Bg4 7. Be2 e6 8. 0-0 Be7 9. Na4 Qc6 10. b3 Nbd7 11. h3 Bh5 12. c4 0-0 13. Nc3 Rad8 14. d5 exd5 15. Nd4 Qc5 16. Be3 Bxe2 17. Ndxe2 d4 18. Bxd4 Qa5 19. Qc2 Rfe8 20. Nb5 c6 21. Bc3 Bb4 22. Nd6 Rxe2 23. Qxe2 Bxc3 24. Nxb7 Qc7 25. Nxd8 Bxa1 26. Qe7 Qe5 27. Qxf7+ Kh8 28. Ne6 1-0

[Event "Las Palmas Insular-chT Primera-B"]
[Site "Las Palmas"]
[Date "2013.11.23"]
[Round "3.1"]
[White "Almeida Sanchez, Ciriaco"]
[Black "Aguilera Suarez, Antonio"]
[Result "1/2-1/2"]
[WhiteElo "1926"]
[BlackElo "1798"]
[PlyCount "61"]
[EventDate "2013.11.09"]
[EventType "team-tourn"]
[EventRounds "14"]
[EventCountry "ESP"]
[SourceTitle "EXT 2015"]
[Source "ChessBase"]
[SourceDate "2014.11.20"]
[SourceVersion "1"]
[SourceVersionDate "2014.11.20"]
[SourceQuality "1"]
[WhiteTeam "Grandama Avenida de Canarias"]
[BlackTeam "Telde Los Llanos"]
[WhiteTeamCountry "ESP"]
[BlackTeamCountry "ESP"]

1. e4 e5 2. Nf3 Nc6 3. Bc4 Be7 4. d4 d6 5. dxe5 dxe5 6. Qxd8+ Bxd8 7. 0-0 Nf6 8. Nc3 0-0 9. Be3 Bg4 10. Nd2 Be7 11. f3 Bd7 12. Nb3 a6 13. Nd5 Nxd5 14. Bxd5 Rfd8 15. Rad1 Rab8 16. Rd2 Nb4 17. Rfd1 Nxd5 18. Rxd5 Ba4 19. Rxd8+ Rxd8 20. Rxd8+ Bxd8 21. Nc5 Bc6 22. Kf2 Be7 23. Nd3 f6 24. b3 Kf7 25. Ke2 b6 26. Bd2 a5 27. Bc3 Ke6 28. Ke3 g5 29. g4 Be8 30. a4 c5 31. Nb2 1/2-1/2

[Event "Las Palmas Insular-chT Pref"]
[Site "Las Palmas"]
[Date "2013.01.26"]
[Round "7.3"]
[White "Martin Ojeda, Juan Manuel"]
[Black "Almeida Sanchez, Ciriaco"]
[Result "1-0"]
[WhiteElo "2258"]
[BlackElo "1935"]
[PlyCount "69"]
[EventDate "2012.11.10"]
[EventType "team-tourn"]
[EventRounds "14"]
[EventCountry "ESP"]
[SourceTitle "EXT 2014"]
[Source "ChessBase"]
[SourceDate "2013.11.20"]
[SourceVersion "1"]
[SourceVersionDate "2013.11.20"]
[SourceQuality "1"]
[WhiteTeam "Canarias de Las Palmas"]
[BlackTeam "Grandama"]
[WhiteTeamCountry "ESP"]
[BlackTeamCountry "ESP"]

1. d4 d5 2. c4 c6 3. Nf3 Nf6 4. e3 e6 5. Nc3 Nbd7 6. Qc2 Be7 7. g4 dxc4 8. Bxc4 Nd5 9. Ne4 b5 10. Be2 Bb7 11. Bd2 Qb6 12. Rc1 Nb4 13. Qb3 a5 14. a3 a4 15. Qd1 Na6 16. Nc3 Nc7 17. 0-0 c5 18. dxc5 Nxc5 19. Nd4 0-0 20. Ncxb5 Nxb5 21. Bxb5 e5 22. Nf5 Bf6 23. Qe2 Nb3 24. Rcd1 Nxd2 25. Rxd2 Ra5 26. Nd6 Rd8 27. Rfd1 g6 28. Nxb7 Rxd2 29. Rxd2 Rxb5 30. Nd6 Rc5 31. Qf3 Rc1+ 32. Kg2 Qa6 33. Qxf6 Qf1+ 34. Kg3 Qg1+ 35. Kh3 1-0

[Event "Gran Canaria Joseito Memorial 30th"]
[Site "Gran Canaria"]
[Date "2012.09.01"]
[Round "3"]
[White "Almeida Sanchez, Ciriaco"]
[Black "Besana Ramirez, Ancor"]
[Result "1-0"]
[WhiteElo "1473"]
[BlackElo "1373"]
[PlyCount "27"]
[EventDate "2012.09.01"]
[EventType "swiss"]
[EventRounds "6"]
[EventCountry "ESP"]
[SourceTitle "CBM 150 Extra"]
[Source "ChessBase"]
[SourceDate "2012.10.19"]
[SourceVersion "1"]
[SourceVersionDate "2012.10.19"]
[SourceQuality "1"]

1. e4 c5 2. c3 d6 3. d4 Nc6 4. Nf3 cxd4 5. cxd4 f5 6. Nc3 fxe4 7. Nxe4 d5 8. Nc3 a6 9. Be2 Nf6 10. 0-0 e6 11. Re1 h6 12. Bd3 Ne7 13. Ne5 Nf5 14. Bxf5 1-0

[Event "Gran Canaria Joseito Memorial 30th"]
[Site "Gran Canaria"]
[Date "2012.09.01"]
[Round "2"]
[White "Garcia Guerra, Romualdo"]
[Black "Almeida Sanchez, Ciriaco"]
[Result "0-1"]
[WhiteElo "1279"]
[BlackElo "1473"]
[PlyCount "64"]
[EventDate "2012.09.01"]
[EventType "swiss"]
[EventRounds "6"]
[EventCountry "ESP"]
[SourceTitle "CBM 150 Extra"]
[Source "ChessBase"]
[SourceDate "2012.10.19"]
[SourceVersion "1"]
[SourceVersionDate "2012.10.19"]
[SourceQuality "1"]

1. c4 e5 2. Nf3 e4 3. Nd4 c5 4. Nc2 Nf6 5. d4 d5 6. e3 Be7 7. Be2 0-0 8. 0-0 Bd6 9. b3 dxc4 10. bxc4 Nc6 11. Bb2 Qe7 12. a3 Rd8 13. d5 Ne5 14. h3 Ng6 15. Bxf6 Qxf6 16. Nd2 Qe5 17. f4 exf3 18. Rxf3 Qh2+ 19. Kf2 Nh4 20. Qg1 Nxf3 21. Nxf3 Qg3+ 22. Kf1 Bf5 23. Nce1 Re8 24. Bd3 Bxd3+ 25. Nxd3 Qg6 26. Nb2 Bg3 27. Rd1 Qc2 28. Rd2 Qc3 29. Ke2 Bf4 30. Nd3 Rxe3+ 31. Kf2 Rxf3+ 32. Kxf3 Bxd2 0-1

[Event "Arucas op 8th"]
[Site "Arucas"]
[Date "2012.06.19"]
[Round "2"]
[White "Almeida Sanchez, Ciriaco"]
[Black "Camino Carrio, Nicanor"]
[Result "1/2-1/2"]
[WhiteElo "1953"]
[BlackElo "2030"]
[PlyCount "89"]
[EventDate "2012.06.18"]
[EventType "swiss"]
[EventRounds "6"]
[EventCountry "ESP"]
[SourceTitle "CBM 149 Extra"]
[Source "ChessBase"]
[SourceDate "2012.08.24"]
[SourceVersion "1"]
[SourceVersionDate "2012.08.24"]
[SourceQuality "1"]

1. e4 c5 2. Nf3 d6 3. c3 Nf6 4. Bd3 g6 5. Bc2 Bg7 6. 0-0 0-0 7. h3 e5 8. d3 h6 9. Be3 Nc6 10. Re1 Be6 11. Bb3 Qe7 12. Nbd2 d5 13. Nf1 Rfd8 14. Qc1 Kh7 15. Ng3 Rac8 16. Bd2 dxe4 17. Bxe6 Qxe6 18. Nxe4 Nxe4 19. dxe4 Rd3 20. Re3 c4 21. Ne1 Rd6 22. Rg3 Qd7 23. Be3 b6 24. Qc2 Rd8 25. Rc1 Rd1 26. Kf1 Rxc1 27. Bxc1 Qd1 28. Re3 Bf8 29. Re2 Bc5 30. Rd2 Rxd2 31. Qxd2 Qxd2 32. Bxd2 f5 33. f3 f4 34. Ke2 Kg7 35. Nc2 Kf6 36. Be1 Ke6 37. Bf2 Be7 38. Kd2 b5 39. a3 a6 40. Nb4 Nxb4 41. axb4 Kd7 42. Kc2 Kc6 43. Ba7 Bd6 44. Bf2 Bc7 45. Ba7 1/2-1/2

[Event "Las Palmas Insular-chT Primera-B"]
[Site "Las Palmas"]
[Date "2012.03.17"]
[Round "13.3"]
[White "Almeida Sanchez, Ciriaco"]
[Black "Ramirez Medina, Victor"]
[Result "0-1"]
[WhiteElo "1950"]
[BlackElo "1853"]
[PlyCount "58"]
[EventDate "2011.11.12"]
[EventType "team-tourn"]
[EventRounds "14"]
[EventCountry "ESP"]
[SourceTitle "EXT 2013"]
[Source "ChessBase"]
[SourceDate "2012.11.22"]
[SourceVersion "1"]
[SourceVersionDate "2012.11.22"]
[SourceQuality "1"]
[WhiteTeam "Grandama"]
[BlackTeam "Piscolabis Oleaje San Andres"]
[WhiteTeamCountry "ESP"]
[BlackTeamCountry "ESP"]

1. e4 c5 2. c3 d5 3. exd5 Qxd5 4. d4 Nf6 5. Nf3 Bg4 6. Be2 e6 7. 0-0 Nc6 8. Be3 cxd4 9. Nxd4 Bxe2 10. Qxe2 a6 11. Rd1 Be7 12. Nd2 0-0 13. Nc4 Nxd4 14. Bxd4 Qc6 15. Ne5 Qc7 16. Rd3 Rad8 17. Rad1 Nd5 18. Rg3 Bf6 19. Ng4 Bxd4 20. Rxd4 Nf4 21. Qc2 f5 22. Rxd8 Rxd8 23. Ne3 Qd6 24. Rf3 g5 25. h3 b5 26. Qb3 Kg7 27. Qc2 Qd2 28. a3 Qe1+ 29. Kh2 Ne2 0-1

[Event "Las Palmas Insular-chT Primera-B"]
[Site "Las Palmas"]
[Date "2012.02.25"]
[Round "10.4"]
[White "Almeida Sanchez, Ciriaco"]
[Black "Saad Addin Quintana, Samir N"]
[Result "1-0"]
[WhiteElo "1950"]
[BlackElo "1879"]
[PlyCount "69"]
[EventDate "2011.11.12"]
[EventType "team-tourn"]
[EventRounds "14"]
[EventCountry "ESP"]
[SourceTitle "EXT 2013"]
[Source "ChessBase"]
[SourceDate "2012.11.22"]
[SourceVersion "1"]
[SourceVersionDate "2012.11.22"]
[SourceQuality "1"]
[WhiteTeam "Grandama"]
[BlackTeam "Anand Iberia II"]
[WhiteTeamCountry "ESP"]
[BlackTeamCountry "ESP"]

1. e4 c5 2. c3 Nf6 3. e5 Nd5 4. d4 e6 5. Nf3 Nc6 6. Bd3 cxd4 7. cxd4 Ndb4 8. Be2 d5 9. 0-0 Qb6 10. a3 Na6 11. Nc3 Na5 12. b4 Nc4 13. Qb3 Bd7 14. Bxc4 dxc4 15. Qxc4 Rc8 16. Qb3 Nc7 17. Na4 Qb5 18. Nc5 Nd5 19. Nxd7 Kxd7 20. Bd2 a5 21. a4 Qb6 22. b5 Bb4 23. Bxb4 axb4 24. Rac1 Rc3 25. Rxc3 bxc3 26. Rc1 Ra8 27. Qa3 Ke8 28. Qb3 Ra5 29. h3 Qa7 30. Ra1 Kd7 31. Kh2 h6 32. Qc4 Nc7 33. Qxc3 Nxb5 34. Qb4 Ke8 35. Rc1 1-0

[Event "Las Palmas op 32nd"]
[Site "Las Palmas"]
[Date "2011.12.06"]
[Round "7"]
[White "Hallerod, Ralph"]
[Black "Almeida Sanchez, Ciriaco"]
[Result "1-0"]
[WhiteElo "2139"]
[BlackElo "1950"]
[PlyCount "89"]
[EventDate "2011.12.02"]
[EventType "swiss"]
[EventRounds "9"]
[EventCountry "ESP"]
[SourceTitle "CBM 145 Extra"]
[Source "ChessBase"]
[SourceDate "2012.01.03"]
[SourceVersion "1"]
[SourceVersionDate "2012.01.03"]
[SourceQuality "1"]

1. d4 d5 2. c4 e5 3. dxe5 d4 4. a3 a5 5. Nf3 Nc6 6. e3 Bc5 7. exd4 Nxd4 8. Be3 Bg4 9. Be2 Nxf3+ 10. gxf3 Bxe3 11. Qxd8+ Rxd8 12. fxe3 Be6 13. Nc3 Ne7 14. Nb5 Kd7 15. 0-0-0+ Kc8 16. Bd3 Nf5 17. Bxf5 Bxf5 18. Nd4 Bh3 19. Rhg1 g6 20. Rg3 Bd7 21. c5 Rhe8 22. f4 Be6 23. Nxe6 Rxd1+ 24. Kxd1 Rxe6 25. Rg2 Kd7 26. Rd2+ Kc6 27. b4 axb4 28. axb4 Re7 29. Kc2 Re8 30. Kb3 Re7 31. Kc4 b5+ 32. cxb6 Kxb6 33. b5 h5 34. h4 Kb7 35. Kc5 Kc8 36. Rd5 Re6 37. e4 Re8 38. Kd4 Kb7 39. Rd7 Rf8 40. f5 Kc8 41. Re7 Kd8 42. f6 Kc8 43. e6 fxe6 44. Ke5 Kd8 45. Rg7 1-0